LEADER 01225nam 2200373 450 001 9910670800603321 005 20230830132252.0 010 $a1-4503-9319-5 035 $a(CKB)5700000000098865 035 $a(NjHacI)995700000000098865 035 $a(EXLCZ)995700000000098865 100 $a20230830d2022 uy 0 101 0 $aeng 135 $aur||||||||||| 181 $ctxt$2rdacontent 182 $cc$2rdamedia 183 $acr$2rdacarrier 200 00$a2022 IEEE/ACM 1st International Workshop on Software Engineering for Responsible Artificial Intelligence (SE4RAI) /$fQinghua Lu, [and three others], editors. 210 1$aPiscataway, NJ :$cIEEE,$d2022. 215 $a1 online resource $cillustrations 311 $a1-66546-235-3 517 $a2022 IEEE/ACM 1st International Workshop on Software Engineering for Responsible Artificial Intelligence 606 $aArtificial intelligence 606 $aSoftware engineering 615 0$aArtificial intelligence. 615 0$aSoftware engineering. 676 $a006.3 702 $aLu$b Qinghua 801 0$bNjHacI 801 1$bNjHacl 906 $aPROCEEDING 912 $a9910670800603321 996 $a2022 IEEE$92807321 997 $aUNINA LEADER 01173nam0 22002891i 450 001 UON00100187 005 20231205102549.453 100 $a20020107d1985 |0itac50 ba 101 $alat 102 $aGB 105 $a|||| 1|||| 200 1 $aOpera$fP. Vergili Maronis$gRecognovit brevique adnotatione critica instruxit R.A.B. Mynors 210 $aOxford$cOxford University Press$d1985 215 $axvi, 452 p.$d19 cm 410 1$1001UON00087640$12001 $aScriptorum Classicorum Bibliotheca Oxoniensis 620 $aGB$dOxford$3UONL000029 700 1$aVERGILIUS MARO$bPublius$3UONV023884$07260 702 1$aMYNORS$bR.A.B.$3UONV057291 712 $aOxford University Press$3UONV245947$4650 790 1$aVIRGILIO MARONE, Publio$zVERGILIUS MARO, Publius$3UONV023886 790 0$aVIRGILIO$zVERGILIUS MARO, Publius$3UONV291184 801 $aIT$bSOL$c20240220$gRICA 899 $aSIBA - SISTEMA BIBLIOTECARIO DI ATENEO$2UONSI 912 $aUON00100187 950 $aSIBA - SISTEMA BIBLIOTECARIO DI ATENEO$dSI T 2 VERG. 0006 $eSI MC 9381 5 996 $aOpera$930636 997 $aUNIOR